Fase a eliminazione diretta del Campionato Europeo di Calcio 2020. - Statistics

Statistiche generali
  • Questo quiz è stato fatto 1.523 volte
  • Il punteggio medio è 14 su 16
Statistiche sulle risposte
Risposta % Corretto
Italia
100%
Inghilterra
99%
Spagna
98%
Francia
98%
Belgio
97%
Svizzera
96%
Austria
94%
Portogallo
93%
Germania
89%
Danimarca
87%
Croazia
81%
Paesi Bassi
81%
Svezia
77%
Ucraina
73%
Galles
63%
Rep. Ceca
56%
Nessun quiz corrispondente trovato
Distribuzione punteggi
Percentuale di utenti per punteggio
Percentile per numero di risposta
I tuoi punteggi nel tempo
Non hai fatto questo quiz